000 00446nmm a2200157Ia 4500
008 251105s9999||||xx |||||||||||||||||und||
020 _a9788496576452
041 _aspa
100 _aCastillo, Vicente del
245 0 _aDiccionario de directores del Western
264 _a[Madrid, España] :
_bT&B Editores,
_c2007
300 _a209 páginas
650 _aFilm studies
856 _uhttps://public.digitaliapublishing.com/a/478
942 _cCF
999 _c89973
_d89973